书目信息 |
| 题名: |
液晶高分子
|
|
| 作者: | 唐纳德 , 温德尔 , 汉纳 著 | |
| 分册: | ||
| 出版信息: | 北京 北京大学出版社 2014.12 |
|
| 页数: | xiv, 589页 | |
| 开本: | 23cm | |
| 丛书名: | 中外物理学精品书系 | |
| 单 册: | ||
| 中图分类: | O753 | |
| 科图分类: | ||
| 主题词: | 液晶--ye jing--高聚物--英文 | |
| 电子资源: | ||
| ISBN: | 978-7-301-25177-5 | |
| 000 | 01284nam 2200349 450 | |
| 001 | CAL 0120141465968 | |
| 005 | 20150812165425.00 | |
| 010 | @a978-7-301-25177-5@dCNY103.00 | |
| 100 | @a20150104d2014 em y0chiy50 ba | |
| 101 | 0 | @aeng |
| 102 | @aCN@b110000 | |
| 105 | @aa z 001yy | |
| 106 | @ar | |
| 200 | 1 | @a液晶高分子@d= Liquid crystalline polymers@f(英) 唐纳德, 温德尔, 汉纳著@zeng |
| 205 | @a影印版 | |
| 210 | @a北京@c北京大学出版社@d2014.12 | |
| 215 | @axiv, 589页@c图@d23cm | |
| 225 | 2 | @a中外物理学精品书系@Azhong wai wu li xue jing pin shu xi@i引进系列@v61 |
| 300 | @a国家出版基金项目 | |
| 320 | @a有索引 | |
| 324 | @a据原书第2版影印 | |
| 330 | @a本书以富有逻辑性的方式带领读者从液晶聚合物的理论基础走向它在现实世界里的应用。本书富有深度而详尽的内容使其成为液晶聚合物领域研究工作者不可或缺的参考书,也是化学、物理和材料科学家们的有益读物。 | |
| 410 | 0 | @12001 @a中外物理学精品书系@i引进系列@v61 |
| 510 | 1 | @aLiquid crystalline polymers@zeng |
| 586 | @a | |
| 606 | 0 | @a液晶@Aye jing@x高聚物@x英文 |
| 690 | @aO753@v5 | |
| 701 | 1 | @a唐纳德@Atang na de@g(Donald, A.M.)@4著 |
| 701 | 1 | @a温德尔@Awen de er@g(Windle, A.H.)@4著 |
| 701 | 1 | @a汉纳@Ahan na@g(Hanna, S.)@4著 |
| 801 | 0 | @aCN@c20150820 |
| 905 | @a河南城建学院图书馆@dO753@eT250@f1 | |
| 液晶高分子= Liquid crystalline polymers/(英) 唐纳德, 温德尔, 汉纳著.-影印版.-北京:北京大学出版社,2014.12 |
| xiv, 589页:图;23cm.-(中外物理学精品书系.引进系列;61) |
| 国家出版基金项目 |
| ISBN 978-7-301-25177-5:CNY103.00 |
| 本书以富有逻辑性的方式带领读者从液晶聚合物的理论基础走向它在现实世界里的应用。本书富有深度而详尽的内容使其成为液晶聚合物领域研究工作者不可或缺的参考书,也是化学、物理和材料科学家们的有益读物。 |
| ● |
| 相关链接 |
|
|
|
正题名:液晶高分子
索取号:O753/T250
 
预约/预借
| 序号 | 登录号 | 条形码 | 馆藏地/架位号 | 状态 | 备注 |
| 1 | 1163028 | 211630289 | 自科库401/401自科库 66排4列4层/ [索取号:O753/T250] | 在馆 |